Pharmacology : (Record no. 93847)
[ view plain ]
| 000 -LEADER | |
|---|---|
| fixed length control field | 00740nam a22002417a 4500 |
| 005 - DATE AND TIME OF LATEST TRANSACTION | |
| control field | 20150710111900.0 |
| 010 ## - LCCN (DPL NO) | |
| LC control number | ENG-113207 |
| 020 ## - INTERNATIONAL STANDARD BOOK NUMBER | |
| Terms of availability | 445.00 |
| 035 ## - SYSTEM CONTROL NUMBER | |
| System control number | EN-96739 |
| 037 ## - SOURCE OF ACQUISITION | |
| Source of stock number/acquisition | DBAD/PUB |
| 082 ## - DEWEY DECIMAL CLASSIFICATION NUMBER | |
| Classification number | 615.1 |
| 100 ## - MAIN ENTRY--PERSONAL NAME | |
| Personal name | Maity,S.P. |
| 245 ## - TITLE STATEMENT | |
| Title | Pharmacology : |
| Statement of responsibility, etc | by S.P. Maity, R.N. Chatterjee [and] A.K. Das ; edited by M.M. Das |
| Remainder of title | for the second professional course / |
| 250 ## - EDITION STATEMENT | |
| Edition statement | 7th rev. & updated ed |
| 260 ## - PUBLICATION, DISTRIBUTION, ETC. (IMPRINT) | |
| Place of publication, distribution, etc | Kolkata |
| Name of publisher, distributor, etc | New Central Book Agency |
| Date of publication, distribution, etc | 2014 |
| 270 ## - ADDRESS | |
| Address | 8/1 Chintamoni Das Lane, |
| City | Kolkata |
| Postal code | 700009 |
| 300 ## - PHYSICAL DESCRIPTION | |
| Extent | xii,464p. : |
| Dimensions | 24cm(pbk) |
| Other physical details | ill. |
| 500 ## - GENERAL NOTE | |
| General note | Includes index |
| 700 ## - ADDED ENTRY--PERSONAL NAME | |
| Personal name | Chatterjee, R.N. |
| 700 ## - ADDED ENTRY--PERSONAL NAME | |
| Personal name | Das, A.K. |
| 700 ## - ADDED ENTRY--PERSONAL NAME | |
| Personal name | Das, M.M. |
| 942 ## - ADDED ENTRY ELEMENTS (KOHA) | |
| Source of classification or shelving scheme | Dewey Decimal Classification |
| Item type | English Books |
| Call number suffix | MAI |
| Classification part | 615.1 |
| Withdrawn status | Lost status | Not for loan | Collection code | Home library | Current library | Date acquired | Source of acquisition | Cost, normal purchase price | Full call number | Barcode | Copy number | Cost, replacement price | Koha item type |
|---|---|---|---|---|---|---|---|---|---|---|---|---|---|
| Not For Loan | Non-fiction | D.B.Act.Division | D.B.Act.Division | 21/05/2015 | DBAD/PUB | 445.00 | 615.1 MAI | EN-96739 | 1 | 445.00 | English Books |
